000
00302nam a2200121Ia 4500
008
210430s9999 xx 000 0 und d
082
_a
410A3111 L
100
_a
Jean aitchison
245
_a
Linguistics
_c
Jean aitchison
260
_a
London
_b
Jean aitchison
_c
2003
300
_a
257p
942
_c
BK
_2
ddc
999
_c
562676
_d
562676